Dwarf planets - Statistics

General Stats
  • This quiz has been taken 49 times
  • The average score is 4 of 5
Answer Stats
Answer % Correct
Pluto
100%
Eris
85%
Makemake
85%
Ceres
82%
Haumea
72%
No matching quizzes found
Score Distribution
Percent of People with Each Score
Percentile by Number Answered
Your Score History
You have not taken this quiz